al-Naẓarāt /
Main Author:
Format: Book
Language: Arabic
Published:
Miṣr :
Maṭbaʻah al-Raḥmānīyah,
1920.
Edition: al-Ṭabʻah 3.
Subjects:
Tags: Add Tag
Call Number: ( RA )PJ7765 .M46 N3 v.1-2
| LEADER | 01089nam a2200253Ia 4500 | ||
|---|---|---|---|
| 003 | OSt | ||
| 005 | 20240611100513.0 | ||
| 008 | 130303s1920 ua 000 0 ara d | ||
| 952 | |0 0 |1 0 |2 lcc |3 V.1-2 |4 0 |7 1 |9 29104 |a ARCE |b ARCE |d 2022-01-25 |l 0 |o ( RA )PJ7765 .M46 N3 v.1-2 |p 1029076 |r 2022-01-25 00:00:00 |w 2022-01-25 |y BK | ||
| 999 | |c 27324 |d 27324 | ||
| 040 | |c ARCE Library | ||
| 043 | |a f-ua--- | ||
| 050 | 4 | |a ( RA )PJ7765 .M46 N3 v.1-2 | |
| 100 | 1 | |6 880-01 |a Manfalūṭī, Muṣṭafá Luṭfī, |d 1876?-1924, |e author |9 35294 | |
| 245 | 1 | 3 | |6 880-02 |a al-Naẓarāt / |c bi-qalam Muṣṭafá Luṭfī al-Manfalūṭī. |
| 250 | |a al-Ṭabʻah 3. | ||
| 264 | 1 | |a Miṣr : |b Maṭbaʻah al-Raḥmānīyah, |c 1920. | |
| 300 | |a 2 volumes in 1 ; |c 24 cm. | ||
| 650 | 0 | |a Arabic literature |z Egypt. | |
| 650 | 0 | |a Pragmatics. |9 14199 | |
| 880 | 1 | |6 100-01/(3/r |a منفلوطي، مصطفى لطفي، |d 1876?-1924. | |
| 880 | 1 | 2 | |6 245-02/(3/r |a النظرات |c بقلم مصطفى لطفي المنفلوطي. |
| 901 | |a reviewed | ||
| 942 | |c BK |2 lcc | ||
